Normal view
MARC view
- Ward, Andy D.
Entry Personal Name
001 - CONTROL NUMBER
- control field: 630
003 - CONTROL NUMBER IDENTIFIER
- control field: NUST
005 - DATE AND TIME OF LATEST TRANSACTION
- control field: 20170512125807.0
008 - FIXED-LENGTH DATA ELEMENTS
- fixed length control field: 170512|| aca||aabn | a|a d
040 ## - CATALOGING SOURCE
- Original cataloging agency: NUST
- Transcribing agency: NUST
100 ## - HEADING--PERSONAL NAME
- Personal name: Ward, Andy D.
670 ## - SOURCE DATA FOUND
- Source citation: Work cat.: (NUST)0: Ward, Andy D., Environmental Hydrology, 2003
